Nazwy geograficzne podobne do pierwiastków - Statystyki

Ogólne statystyki
  • Ten quiz został rozwiązany 24 razy
  • Średni wynik to 12 z 15
Statystyki odpowiedzi
Symbol pierwiastka Opis Odpowiedź % Poprawnych
Cf Stan USA Kalifornia
100%
Am Jeden z kontynentów Ameryka
95%
Eu Jeden z kontynentów Europa
95%
Fr Państwo w Europie Francja
95%
He Miasto w północnej Polsce Hel
91%
Ge Angielska nazwa państwa w Europie Niemcy
91%
Po Państwo w Europie Polska
91%
Re Rzeka w Europie Ren
86%
Mc Miasto w Rosji Moskwa
77%
Sc Region w północnej Europie Skandynawia
77%
Rn Miasto w środkowej Polsce Radom
73%
Sm Miasto w Rosji Samara
55%
Rh Rzeka we Francji Rodan
50%
Ts Stan USA Tennessee
45%
Ds Miasto w Niemczech Darmstadt
27%
Nie znaleziono quizów pasujących do podanych kryteriów
Rozkład punktacji
Procent ludzi z każdym wynikiem
Percentyl według liczby udzielonych odpowiedzi
Twoja historia wyników
Nie rozwiązałeś tego quizu